MARC

LEADER 00000nam0a2200000 4500
001 326047
005 20231102003825.0
035 |a (RuTPU)RU\TPU\book\351663 
090 |a 326047 
100 |a 20161216d1952 m y0rusy50 ca 
101 0 |a rus 
102 |a RU 
105 |a a z 001zy 
200 1 |a Маркшейдерский учет горно-эксплуатационных работ на карьерах  |f М. Л. Рудаков 
210 |a Свердловск  |a Москва  |c Металлургиздат  |d 1952 
215 |a 294 с.  |c ил. 
320 |a Библиогр.: с. 291-292 
606 1 |a Маркшейдерские данные  |2 stltpush  |3 (RuTPU)RU\TPU\subj\72459  |9 85970 
610 1 |a месторождения 
610 1 |a эксплуатационные работы 
610 1 |a учет 
610 1 |a открытый способ 
610 1 |a вскрышные работы 
610 1 |a добыча 
610 1 |a буро-взрывные работы 
610 1 |a дренажные работы 
610 1 |a транспортно-погрузочные работы 
610 1 |a траншейные работы 
610 1 |a потери 
610 1 |a полезные ископаемые 
610 1 |a нерудные месторождения 
610 1 |a россыпные месторождения 
610 1 |a запасы 
675 |a 622.1:528  |v 4 
700 1 |a Рудаков  |b М. Л.  |g Михаил Лазаревич 
801 1 |a RU  |b 63413507  |c 20161216 
801 2 |a RU  |b 63413507  |c 20190120  |g RCR 
942 |c BK